Jadunama : Javed Akhtars Journey (Record no. 43141)
[ view plain ]
| 000 -LEADER | |
|---|---|
| fixed length control field | 01397cam a22004935i 4500 |
| 001 - CONTROL NUMBER | |
| control field | 23294344 |
| 005 - DATE AND TIME OF LATEST TRANSACTION | |
| control field | 20241113152225.0 |
| 008 - FIXED-LENGTH DATA ELEMENTS--GENERAL INFORMATION | |
| fixed length control field | 230303s2022 ii a 000 0beng d |
| 010 ## - LIBRARY OF CONGRESS CONTROL NUMBER | |
| LC control number | 2023345868 |
| 020 ## - INTERNATIONAL STANDARD BOOK NUMBER | |
| International Standard Book Number | 9789355432346 |
| 020 ## - INTERNATIONAL STANDARD BOOK NUMBER | |
| International Standard Book Number | 9355432348 |
| 025 ## - OVERSEAS ACQUISITION NUMBER | |
| Overseas acquisition number | I-E-2023345868; 99-13 |
| 035 ## - SYSTEM CONTROL NUMBER | |
| System control number | (OCoLC)on1371818824 |
| 035 ## - SYSTEM CONTROL NUMBER | |
| System control number | (OCoLC)1371818824 |
| 041 1# - LANGUAGE CODE | |
| Language code of text/sound track or separate title | eng |
| Language code of original | hin |
| 042 ## - AUTHENTICATION CODE | |
| Authentication code | lccopycat |
| -- | lcode |
| 043 ## - GEOGRAPHIC AREA CODE | |
| Geographic area code | a-ii--- |
| 082 04 - DEWEY DECIMAL CLASSIFICATION NUMBER | |
| Classification number | 891.439171 |
| 100 1# - MAIN ENTRY--PERSONAL NAME | |
| Author | Maṇḍaloī, Aravinda, |
| 245 10 - TITLE STATEMENT | |
| Title | Jadunama : Javed Akhtars Journey |
| 260 ## - PUBLICATION, DISTRIBUTION, ETC. | |
| Place | Noida |
| Publisher | Amaryllis |
| Publication Year | 2022 |
| 300 ## - PHYSICAL DESCRIPTION | |
| Extent | 339 pages |
| Other physical details | illustrations (black and white, and colour) ; |
| Dimensions | 32 cm |
| 365 ## - TRADE PRICE | |
| Price type code | RS |
| Price amount | 1478 |
| Currency code | Rupees |
| 500 ## - GENERAL NOTE | |
| Keywords | |
| 650 #0 - SUBJECT ADDED ENTRY--TOPICAL TERM | |
| Subject | Poets, Urdu |
| 650 #0 - SUBJECT ADDED ENTRY--TOPICAL TERM | |
| Subject | Poets, Hindi |
| 650 #0 - SUBJECT ADDED ENTRY--TOPICAL TERM | |
| Subject | Screenwriters |
| 650 #0 - SUBJECT ADDED ENTRY--TOPICAL TERM | |
| Subject | Lyricists |
| 650 #0 - SUBJECT ADDED ENTRY--TOPICAL TERM | |
| Subject | Political activists |
| 650 #7 - SUBJECT ADDED ENTRY--TOPICAL TERM | |
| Subject | Lyricists. |
| 650 #7 - SUBJECT ADDED ENTRY--TOPICAL TERM | |
| Subject | Poets, Hindi. |
| 650 #7 - SUBJECT ADDED ENTRY--TOPICAL TERM | |
| Subject | Poets, Urdu. |
| 650 #7 - SUBJECT ADDED ENTRY--TOPICAL TERM | |
| Subject | Political activists. |
| 650 #7 - SUBJECT ADDED ENTRY--TOPICAL TERM | |
| Subject | Screenwriters. |
| 700 1# - ADDED ENTRY--PERSONAL NAME | |
| Co-Author | Jalil, Rakhshanda, |
| 942 ## - ADDED ENTRY ELEMENTS (KOHA) | |
| Koha item type | Books |
| 264 #1 - PRODUCTION, PUBLICATION, DISTRIBUTION, MANUFACTURE, AND COPYRIGHT NOTICE | |
| Place of production, publication, distribution, manufacture | Noida, U.P., India : |
| Name of producer, publisher, distributor, manufacturer | Amaryllis, |
| Date of production, publication, distribution, manufacture, or copyright notice | 2022. |
| 336 ## - CONTENT TYPE | |
| Content type term | text |
| Content type code | txt |
| Source | rdacontent |
| 336 ## - CONTENT TYPE | |
| Content type term | still image |
| Content type code | sti |
| Source | rdacontent |
| 337 ## - MEDIA TYPE | |
| Media type term | unmediated |
| Media type code | n |
| Source | rdamedia |
| 338 ## - CARRIER TYPE | |
| Carrier type term | volume |
| Carrier type code | nc |
| Source | rdacarrier |
| 906 ## - LOCAL DATA ELEMENT F, LDF (RLIN) | |
| a | 7 |
| b | par |
| c | copycat |
| d | 3 |
| e | ncip |
| f | 20 |
| g | y-gencatlg |
| Withdrawn status | Lost status | Source of classification or shelving scheme | Damaged status | Not for loan | Collection code | Home library | Current library | Shelving location | Accession Date | Vendor | Price | Bill number | Total Checkouts | Full call number | Barcode No | Date last seen | Date last checked out | Bill Date | Koha item type |
|---|---|---|---|---|---|---|---|---|---|---|---|---|---|---|---|---|---|---|---|
| Dewey Decimal Classification | Fiction | IMTN | IMTN | Rack 43-A | 11/13/2024 | Amazon.in | 1478.00 | DEL5-7080387 | 1 | 891.439171 MAN | 33570 | 06/25/2025 | 12/05/2024 | Books |